ՀՀ Գիտությունների ազգային ակադեմիայի հիմնարար գիտական գրադարան  =   Fundamental Scientific Library of NAS RA

Գովեստներ : (Record no. 85084)

MARC details
000 -LEADER
fixed length control field 01154nam a2200289 a 4500
001 - CONTROL NUMBER
control field 000240294
003 - CONTROL NUMBER IDENTIFIER
control field AM-YeHGA
005 - DATE AND TIME OF LATEST TRANSACTION
control field 20250618071619.0
008 - FIXED-LENGTH DATA ELEMENTS--GENERAL INFORMATION
fixed length control field 030626s1995 ai a||||r|||||||||1|arm|d
040 ## - CATALOGING SOURCE
Original cataloging agency AM-YeHGA
041 1# - LANGUAGE CODE
Language code of text/sound track or separate title arm
Language code of original fre
090 ## - LOCALLY ASSIGNED LC-TYPE CALL NUMBER (OCLC); LOCAL CALL NUMBER (RLIN)
-- 86363
100 1# - MAIN ENTRY--PERSONAL NAME
Personal name Պերս, Սեն-Ժոն,
Dates associated with a name 1887-1975
245 10 - TITLE STATEMENT
Title Գովեստներ :
Remainder of title Անաբասիս /
Statement of responsibility, etc. Սեն-Ժոն Պերս ; Ֆրանս. թարգմ.՝ Ա. Հակոբյան ; Խմբ.՝ Հ. Մովսես.
246 15 - VARYING FORM OF TITLE
Title proper/short title Անաբասիս
246 15 - VARYING FORM OF TITLE
Title proper/short title Eloges
246 15 - VARYING FORM OF TITLE
Title proper/short title Anabase
260 ## - PUBLICATION, DISTRIBUTION, ETC.
Place of publication, distribution, etc. Երևան :
Name of publisher, distributor, etc. Աննա և Միքայել,
Date of publication, distribution, etc. 1995.
300 ## - PHYSICAL DESCRIPTION
Extent 123 էջ :
Other physical details նկ. ;
Dimensions 17 սմ.
440 #0 - SERIES STATEMENT/ADDED ENTRY--TITLE
Title Ֆրանսիական գրականություն. XX դար
500 ## - GENERAL NOTE
General note Կենսագրական տվյալներ, էջ՝ 116-121
546 ## - LANGUAGE NOTE
Language note Տեքստը զուգահեռ ֆրանս. և հայ. լեզուներով
650 14 - SUBJECT ADDED ENTRY--TOPICAL TERM
Topical term or geographic name entry element Ֆրանսիական գրականություն
General subdivision Էսսե
700 1# - ADDED ENTRY--PERSONAL NAME
Personal name Հակոբյան, Աննա Արշալույսի,
Dates associated with a name 1949-
Relator term թարգմ.
Relationship trl
9 (RLIN) 2292
700 0# - ADDED ENTRY--PERSONAL NAME
Personal name Հակոբ Մովսես,
Dates associated with a name 1952-
Relator term խմբ.
Relationship edt
9 (RLIN) 1354
942 ## - ADDED ENTRY ELEMENTS (KOHA)
Source of classification or shelving scheme Universal Decimal Classification
Koha item type Գրքեր / Books
Holdings
Withdrawn status Lost status Damaged status Not for loan Collection Home library Current library Date acquired Total checkouts Full call number Barcode Date last seen Cost, replacement price Price effective from Koha item type Public note
        General Fundamental Scientific Library Fundamental Scientific Library 22/12/2016   AI/19607 FL0064404 22/12/2016 250.00 22/12/2016 Գրքեր / Books 30 Days Loan
        General Fundamental Scientific Library Fundamental Scientific Library 22/12/2016   AI/19608 FL0064405 22/12/2016 250.00 22/12/2016 Գրքեր / Books 30 Days Loan
        General Fundamental Scientific Library Fundamental Scientific Library 22/12/2016   AI/19728 FL0063917 22/12/2016   22/12/2016 Գրքեր / Books 30 Days Loan
        General Fundamental Scientific Library Fundamental Scientific Library 22/12/2016   AI/19729 FL0063918 22/12/2016   22/12/2016 Գրքեր / Books 30 Days Loan


ՀՀ ԳԱԱ հիմնարար գիտական գրադարան
ՀՀ,Երևան 0019
Մարշալ Բաղրամյան 24/6
հեռախոս:(374-10) 52-47-50
Հետադարձ կապ

All site content, except where otherwise noted, is licensed under a
Creative Commons License